000 00571nam a2200217Ia 4500
003 OSt
005 20220928145709.0
006 a|||||r|||| 00| 0
007 ta
008 220927b |||||||| |||| 00| 0 eng d
024 _a82072
037 _cTextual
040 _aSDCL
_cSDCL
_beng
041 _2eng
_aeng
082 _aV1(Q7):17'D7 <- D6, M1
100 _aDonner Fred Mc Graw
_9514156
245 0 _aEarly Islamic conquests.
260 _c1981
942 _hV1(Q7):17'D7 <- D6, M1
_cTEXL
_2CC
999 _c834860
_d834860